|
|
|
|
| LEADER |
01791nem a2200409 a 4500 |
| 001 |
mzk03001178744 |
| 003 |
CZ BrMZK |
| 005 |
20130812094256.0 |
| 007 |
aj|canzn |
| 008 |
090212s1800 gw i||||||a|||r|0|||ger|d |
| 034 |
1 |
|
|a a
|b 800000
|d E0082027
|e E0135100
|f N0542300
|g N0510900
|
| 040 |
|
|
|a BOE950
|b cze
|
| 043 |
|
|
|a e-gx---
|
| 072 |
|
7 |
|a 912:904
|x Staré mapy
|2 Konspekt
|9 7
|
| 080 |
|
|
|a (430.246)
|2 MRF
|
| 080 |
|
|
|a (084.3)
|2 MRF
|
| 100 |
1 |
|
|a Güssefeld, Franz L.
|q (Ludwig),
|d 1744-1807
|7 mzk2008469329
|4 aut
|
| 245 |
1 |
0 |
|a Charte vom Niedersachsischen Kreise
|h [kartografický dokument] :
|b nach Murdochischer Projection entworfen, nach den bewährsten astronomischen Beobachtungen berichtiget und gezeichnet /
|c von F. L. Güssefeld
|
| 255 |
|
|
|a Měřítko [ca 1:800 000]. 9,1 cm = 10 Geographische Meilen 15 auf einem Grad
|c (008°20´27" v.d.--013°51´00" v.d./054°23´00" s.š.--051°09´00" s.š.)
|
| 260 |
|
|
|a Weimar :
|b Im Verlage des Industrie Comptoirs,
|c 1800
|
| 300 |
|
|
|a 1 mapa :
|b mědirytina, ručně kolorovaná ;
|c 47 x 53 cm, složeno na 26,5 x 24 cm
|
| 500 |
|
|
|a Výzdoba: Vysvětlivky
|
| 500 |
|
|
|a Mapa je rozdělena na 4 části a podlepena plátnem
|
| 510 |
3 |
|
|a IKAR
|
| 561 |
|
|
|a Provenience: [stará signatura] 9. 9.a
|
| 561 |
|
|
|a Provenience: [m.p.] Nieder-Sächsische Kreys. v. Güssefeld 1800 S 9a
|
| 561 |
|
|
|a Provenience: [stará signatura] G 23
|
| 655 |
|
7 |
|a staré mapy
|7 fd674099
|2 czenas
|
| 651 |
|
7 |
|a Sasko (Německo)
|7 ge128571
|2 czenas
|
| 910 |
|
|
|e BOE950
|c R - DCLXXXV,a (I.II.a)
|
| 978 |
|
|
|b Industrie-Comptoir
|a Weimar
|c 1800
|
| 984 |
|
|
|a Weimar
|b Německo
|
| 985 |
|
|
|a 1751-1800
|
| 990 |
|
|
|a MP
|
| 996 |
|
|
|e BOE950
|c R - DCLXXXV,a (I.II.a)
|
| 991 |
|
|
|k rajhrad
|
| 980 |
|
|
|c 290585
|g R - DCLXXXV,a (I.II.a)
|d 20090212
|t 5
|1 328100290585
|z KR
|